[Event "BUL-ch (Women) 38th"]
[Site "Bulgaria"]
[Date "1989.??.??"]
[Round "12"]
[White "Aladjova, Katrin"]
[Black "Kalmukova, Kirilka"]
[Result "1-0"]
[WhiteElo "2130"]
[BlackElo "2060"]
[PlyCount "113"]
[EventDate "1989.06.??"]
[EventType "tourn"]
[EventRounds "13"]
[EventCountry "BUL"]
[SourceTitle "EXT 2009"]
[Source "ChessBase"]
[SourceDate "2008.11.26"]
[SourceVersion "1"]
[SourceVersionDate "2008.11.26"]
[SourceQuality "1"]

1. Nf3 Nf6 2. g3 b5 3. Bg2 Bb7 4. Na3 a6 5. c4 e6 6. b3 c6 7. 0-0 Be7 8. d4 d5 9. Qd3 Ne4 10. Ne5 f6 11. Nf3 0-0 12. Nc2 Nd7 13. Nd2 Nxd2 14. Bxd2 e5 15. e4 dxc4 16. bxc4 Nc5 17. Qe3 Na4 18. cxb5 cxb5 19. dxe5 fxe5 20. Bb4 Rc8 21. Qb3+ Kh8 22. Bh3 Rc4 23. Rad1 Qe8 24. Bxe7 Qxe7 25. Rd7 Qc5 26. Rxb7 Rxc2 27. Rf7 Rd2 28. Rxf8+ Qxf8 29. Qe3 Qd8 30. Qf3 Nb2 31. Qh5 h6 32. Qxe5 Nc4 33. Qe6 Rd6 34. Qg4 a5 35. Qf5 b4 36. Bg2 Rf6 37. Qd5 Qxd5 38. exd5 a4 39. Rc1 Nb6 40. Rb1 Rd6 41. Rxb4 Kg8 42. f4 Kf7 43. Rb5 Kf6 44. Kf2 g5 45. Ke3 gxf4+ 46. Kxf4 Nc4 47. Rc5 Nb2 48. Ra5 Rb6 49. Be4 Ke7 50. Ra7+ Kd6 51. g4 Kc5 52. h4 Rf6+ 53. Ke5 Rf2 54. Rc7+ Kb5 55. Rc2 Nc4+ 56. Ke6 Rf4 57. Bd3 1-0

[Event "BUL-ch (Women) 38th"]
[Site "Bulgaria"]
[Date "1989.??.??"]
[Round "9"]
[White "Kalmukova, Kirilka"]
[Black "Koen, Maja"]
[Result "1/2-1/2"]
[WhiteElo "2060"]
[BlackElo "2065"]
[PlyCount "59"]
[EventDate "1989.06.??"]
[EventType "tourn"]
[EventRounds "13"]
[EventCountry "BUL"]
[SourceTitle "EXT 2009"]
[Source "ChessBase"]
[SourceDate "2008.11.26"]
[SourceVersion "1"]
[SourceVersionDate "2008.11.26"]
[SourceQuality "1"]

1. e4 e6 2. Qe2 c5 3. d3 Nc6 4. g3 g6 5. Bg2 Bg7 6. f4 Nge7 7. Nf3 Rb8 8. c3 0-0 9. 0-0 d6 10. Be3 b6 11. d4 cxd4 12. Nxd4 Bb7 13. Nd2 d5 14. Nxc6 Bxc6 15. Rad1 Qc8 16. g4 dxe4 17. Nxe4 Bd5 18. Nd6 Qc6 19. Bxd5 Nxd5 20. Nc4 Qb5 21. Bd4 Bxd4+ 22. Rxd4 Rbc8 23. a4 Qc5 24. Ne5 Rfe8 25. Qf2 f6 26. Nd3 Qc6 27. c4 Ne7 28. b3 Rf8 29. Qe3 h5 30. h3 1/2-1/2

[Event "BUL-ch (Women) 38th"]
[Site "Bulgaria"]
[Date "1989.??.??"]
[Round "6"]
[White "Savova, Stefka"]
[Black "Kalmukova, Kirilka"]
[Result "1-0"]
[WhiteElo "2250"]
[BlackElo "2060"]
[PlyCount "67"]
[EventDate "1989.06.??"]
[EventType "tourn"]
[EventRounds "13"]
[EventCountry "BUL"]
[SourceTitle "EXT 1999"]
[Source "ChessBase"]
[SourceDate "1998.11.16"]
[SourceVersion "1"]
[SourceVersionDate "1998.11.16"]
[SourceQuality "1"]

1. e4 c6 2. Nc3 d5 3. Nf3 g6 4. h3 Bg7 5. d4 Nh6 6. Bd3 f6 7. 0-0 Nf7 8. Re1 0-0 9. Bf1 b6 10. a4 Na6 11. exd5 cxd5 12. b3 Nc7 13. Ba3 Re8 14. Nb5 a6 15. Nxc7 Qxc7 16. c4 Bb7 17. Rc1 Qd7 18. c5 bxc5 19. Rxc5 e5 20. dxe5 Bf8 21. exf6 Rxe1 22. Qxe1 Bxc5 23. Bxc5 d4 24. Nxd4 Re8 25. Qc3 Qd5 26. Be7 Qe5 27. Qe3 Qd5 28. Nf3 Rc8 29. b4 Qd1 30. Bc5 Qxa4 31. Qe6 Re8 32. Be7 Qxb4 33. Qxf7+ Kxf7 34. Ng5+ 1-0